000 00225 a2200097 4500
001 4124
100 _aHutchinson,R.W
245 _aelementary technical electricity
260 _a
_bUniversity tutorial
_c
090 _c3341
_d3341
942 _aNUST-CAE
_cM
_c26014
999 _c239197
_d239197